000 00508nam a2200193 a 4500
001 1767331299578
003 YourLibrary
005 20260102105257.0
008 260102s2009##################000#0#eng##
020 _a9781556428319
082 0 4 _a616.9943
_bCAS
100 1 _aCash, Brooks D.,
_eauthor.
245 1 0 _aCurbside Consultation of the Colon :
260 _bSLACK Incorporated,
_c2009.
300 _a220 pages
650 0 _aMedical.
942 _cENGLISH
040 _aYourLibrary
_beng
_cYourLibrary
999 _c606571
_d606571